Responses for Show #2670 - Friday, March 22, 1996

Contestants

[<< previous game]

Maria Canavan, an audiologist originally from Warwick, New York

Tisa Lawless, a pathologist's assistant from Long Lake, Minnesota

Jo Ellen Eppink, a librarian from Sugarland, Texas (whose 2-day cash winnings total $21,795)

[next game >>]

Jeopardy! Round responses

U.S.A.
SPORTS
FUN FOOD
THE BODY CANINE
TIME
WORLD HISTORY
    $100 6
Monticello

Jo Ellen
    $100 11
Houston Rockets

Tisa
    $100 16
Taffy

Maria
    $100 26
Ears

Tisa
    $100 21
A.D. (Anno Domini)

Maria
    $100 1
William The Conqueror

Jo Ellen
    $200 7
(T: What is the state motto?)

State Song

TisaMaria
    $200 12
Willie Shoemaker

Maria
    $200 17
Carrots

Maria
    $200 27
Sweat Glands

Tisa
    $200 22
Decade

Tisa
    $200 2
Galileo

Jo Ellen
    $300 8
Louisiana

Maria
    $300 13
George Foreman

Maria
    $300 18
Breakfast Cereals

Maria
    $300 28
(J: What is a shoulderblade?)

Collarbone

Jo EllenTisa
    $300 23
Spring ("Spring forward, fall back")

Jo Ellen
    $300 3
Russia

Jo Ellen
    $400 9
Wisconsin

Tisa
    $400 14
(T: Who is Michael Andretti?)

Al Unser, Jr.

TisaMaria
    $400 19
Doughnut

Maria
    $400 29
Appendix

Tisa
    $400 24
40

Jo Ellen
    $400 4
Reich

Jo Ellen
    $500 10
Cornell

Maria
    $500 15
Sullivan Award

Maria
    $500 20
Ben & Jerry's

Jo Ellen
    $800 30
Tail

Tisa
    $500 25
Mountain Time Zone

Maria
    $500 5
Draco

Triple Stumper

Scores at the first commercial break (after clue 15):

Jo Ellen Tisa Maria
$1,100 -$100 $2,400

Scores at the end of the Jeopardy! Round:

Jo Ellen Tisa Maria
$2,000 $1,900 $4,000

Double Jeopardy! Round responses

EXPLORERS
MIDDLE NAMES
WOMEN IN GREEK MYTHOLOGY
THE CONGRESSIONAL MEDAL OF HONOR
COUNTRIES
"WORLD" CINEMA
    $200 21
Sir Edmund Hillary

Maria
    $200 16
Washington

Maria
    $200 11
Hera

Jo Ellen
    $200 30
Arlington National Cemetery

Jo Ellen
    $200 6
Korea

Jo Ellen
    $200 1
Around the World in 80 Days

Tisa
    $400 22
Francisco Pizarro

Tisa
    $400 17
Waldo

Jo Ellen
    $400 12
(J: Who is Venus?)
(A: Remember, we're looking for Greek goddesses)

Aphrodite

Jo EllenMaria
    $400 29
Unknown Soldiers

Jo Ellen
    $400 7
Luxembourg

Jo Ellen
    $400 2
"War Of The Worlds"

Maria
    $600 23
Vitus Bering

Maria
    $600 18
Chapin

Maria
    $600 13
Scylla

Maria
    $600 28
(M: Who is Wild Bill Hickok?)

William "Buffalo Bill" Cody

TisaMaria
    $800 8
Yugoslavia

Jo Ellen
    $600 3
"Wayne's World"

Jo Ellen
    $800 24
Vasco Da Gama

Triple Stumper
    $800 19
Walker

Maria
    $800 14
(T: Who was Demeter?)
(J: Who was Diana?)

Artemis

Jo EllenTisa
Triple Stumper
    $2,000 27
(J: What is the Air Force?)

Coast Guard

Jo Ellen
    $800 9
Romania

Maria
    $800 4
"The World According To Garp"

Maria
    $1000 25
(J: Who was Cortez?)
(we have less than a minute to go in the round...)

Francisco Coronado

Jo EllenTisa
    $1000 20
(T: What is Lighthorse?)

Nighthorse

TisaMaria
    $1000 15
Medea

Triple Stumper
    $1000 26
The Boxer Rebellion

Jo Ellen
    $1000 10
(M: What is El Salvador?)

Panama

Maria
Triple Stumper
    $1000 5
"The World Of Suzie Wong"

Maria

Scores at the end of the Double Jeopardy! Round:

Jo Ellen Tisa Maria
$2,000 $2,300 $9,800
(lock game)

[wagering suggestions for these scores]

Final Jeopardy! Round responses

CHILDREN'S THEATRE
Jo EllenWhat is Peter Pan
$1,998
TisaWhat is Peter Pan?
$2,001
MariaWhat is Treasure Island?
$2,000
Peter Pan

Final scores:

Jo Ellen Tisa Maria
$3,998 $4,301 $7,800
3rd place: Carey Limousine Gift Certificate 2nd place: Trip to Mexico New champion: $7,800

Game dynamics:

Coryat scores:

Jo Ellen Tisa Maria
$3,800 $2,000 $9,800
17 R
(including 1 DD),
5 W
(including 1 DD)
12 R
(including 1 DD),
4 W
25 R,
2 W

Combined Coryat: $15,600

[game clues] [game scores] [suggest correction]

Game tape date: Unknown
The J! Archive is created by fans, for fans. Scraping, republication, monetization, and malicious use prohibited; this site may use cookies and collect identifying information. See terms. The Jeopardy! game show and all elements thereof, including but not limited to copyright and trademark thereto, are the property of Jeopardy Productions, Inc. and are protected under law. This website is not affiliated with, sponsored by, or operated by Jeopardy Productions, Inc. Join the discussion at JBoard.tv.